000 01728nam a2200397 c 4500
003 BLK
005 20180420235738.0
008 180411b bul|||||r ||||||| ||bul||
010 _aKNG00185599000
020 _a978-954-730-941-8
_bиздат.: Сиби
040 _aBLK
041 _aBUL
_cBUL
072 7 _2bullib
_aН34
_xПраво Н
080 _aСтопанско законодателство. Търговия. Индустрия
_b351.82
_x:339.13(497.2)(094.9)
_z351.82:339.13(497.2)(094.9)
110 1 _aБългария. Закони и др. п.
_9243213
139 _aБългария. Закони и др. п.
_bБ 92
245 1 0 _aЗащита на потребителите
_b2 14 С04 : Сб. нормат. актове
250 _a9. изд.
257 _aBGR
260 София
_bСиби
_c2015
_fСофия : Инвестпрес
300 _a304 с.
_c19 см
380 _a3
490 1 _aПоредица Джобни издания
500 _aИнформ. към 10 авг. 2015 г. - Съдържа: Закон за защита на потребителите ; Закон за потребителския кредит ; Закон за електронната търговия.
650 4 _aПотребление - България - законодателни и директивни материали
_9277784
651 4 _aБългария
_9241624
653 _aпотребители
653 _aпотребление
653 _aзакони
659 _aН
852 _aЦб 278676
856 4 _qpdf
_u
856 4 _qpdf
_u
942 _cKNG
_n0
944 _aCR
_c16.12.2015
_lф /
_kВиолета_Тройчева
944 _aED
_c20.11.2017
_lф /
_kВиолета_Тройчева
999 _c176965
_d176965